| Tag |
First Indicator |
Second Indicator |
Subfields |
| LEADER |
00000cam a2200000 4500 |
| 001 |
in00000037635 |
| 005 |
20151007080527.0 |
| 008 |
750124s1944 engmu |
| 010 |
|
|
|a 46000628
|
| 035 |
|
|
|a (OCoLC)01152430
|
| 035 |
|
|
|9 AAF4962AM
|
| 040 |
|
|
|c CIN
|d TXA
|d UtOrBLW
|
| 049 |
|
|
|a TXAM
|c [140847]
|
| 050 |
|
0 |
|a E184.J5
|b L644 1944
|
| 092 |
|
|
|a 296
|b L6655h3
|
| 100 |
1 |
|
|a Levinger, Lee Joesph,
|d 1890-
|
| 245 |
1 |
2 |
|a A history of the Jews in the United States /
|c by Rabbi Lee J. Levinger.
|
| 264 |
|
1 |
|a Cincinnati :
|b Dept. of Synagogue and School Extension of the Union of American Hebrew Congregations,
|c [1944]
|
| 300 |
|
|
|a xxi, 585 pages :
|b illustrations, diagrams, facsimiles, maps, portraits ;
|c 21 cm.
|
| 336 |
|
|
|a text
|b txt
|2 rdacontent
|
| 337 |
|
|
|a unmediated
|b n
|2 rdamedia
|
| 338 |
|
|
|a volume
|b nc
|2 rdacarrier
|
| 490 |
0 |
|
|a [Commission on Jewish Education of the Union of American Hebrew Congregations and the Central Conference of American Rabbis. Union graded series]
|
| 500 |
|
|
|a [3d revised edition].
|
| 504 |
|
|
|a Includes bibliographies.
|
| 650 |
|
0 |
|a Jews
|z United States.
|
| 999 |
|
|
|a MARS
|
| 999 |
f |
f |
|s a35266bc-b246-365b-9285-43919f363222
|i 4b823a41-1750-36ac-9d24-3b57b3b7e639
|t 0
|
| 952 |
f |
f |
|p ric
|a Texas A&M University
|b Rellis Campus
|c Joint Library Facility
|d Remote Storage
|t 0
|e E184.J5 L644 1944
|h Library of Congress classification
|i unmediated -- volume
|m A14800629851
|
| 998 |
f |
f |
|a E184.J5 L644 1944
|t 0
|l Remote Storage
|